000 00346nam a2200157Ia 4500
003 OSt
005 20240301125510.0
008 170523s9999 xx 000 0 und d
020 _a ‎ 978-0806987583
040 _cIIMTU MEERUT
100 _aPERRET- GENE
245 0 _aI LOVE MY BOSS
260 _bEXCEL BOOK
260 _c1996
942 _2ddc
_c02
999 _c819
_d819